Official Languages of ASEAN Countries - Statistics

General Stats
  • This quiz has been taken 40 times
  • The average score is 9 of 11
Answer Stats
Hint Answer % Correct
Philippines Tagalog
97%
Cambodia Khmer
91%
Thailand Thai
91%
Vietnam Vietnamese
91%
Laos Lao
88%
Philippines/Singapore English
85%
Myanmar Burmese
82%
Indonesia/Malaysia Indonesian
76%
Singapore Mandarin
71%
East Timor Portuguese
71%
Singapore Tamil
62%
No matching quizzes found
Score Distribution
Percent of People with Each Score
Percentile by Number Answered
Your Score History
You have not taken this quiz